Electromechanical energy conversion (Record no. 7935)

000 -LEADER
fixed length control field 00468nam a22001817a 4500
001 - CONTROL NUMBER
control field 7935
003 - CONTROL NUMBER IDENTIFIER
control field BD-DhUET
008 - FIXED-LENGTH DATA ELEMENTS--GENERAL INFORMATION
fixed length control field 141214b xxu||||| |||| 00| 0 eng d
040 ## - CATALOGING SOURCE
Original cataloging agency DLC
Transcribing agency DLC
Modifying agency BD-DhUET
082 ## - DEWEY DECIMAL CLASSIFICATION NUMBER
Classification number 623.13
Item number GOU/1965
100 ## - MAIN ENTRY--PERSONAL NAME
Personal name Gourishankar, Vembu
245 ## - TITLE STATEMENT
Title Electromechanical energy conversion
250 ## - EDITION STATEMENT
Edition statement 1st ed.
260 ## - PUBLICATION, DISTRIBUTION, ETC. (IMPRINT)
Place of publication, distribution, etc. Scranton
Name of publisher, distributor, etc. International textbook
Date of publication, distribution, etc. 1965
300 ## - PHYSICAL DESCRIPTION
Extent xviii, 564p.
Other physical details ill.
650 #0 - SUBJECT ADDED ENTRY--TOPICAL TERM
Topical term or geographic name as entry element Electric machinery
942 ## - ADDED ENTRY ELEMENTS (KOHA)
Koha item type General Book
Holdings
Koha date last seen Koha full call number Shelving location Copy number Date acquired Koha normalized classification for sorting Price effective from Source of classification or shelving scheme Withdrawn status Not for loan Location (home branch) Lost status Damaged status Koha item type Sublocation or collection (holding branch) Piece designation (barcode)
2014-12-14623.13/GOU/1965Circulation section12014-12-14623_130000000000000_GOU_19652014-12-14   Central Library, BUET  General BookCentral Library, BUET16494
2015-05-03623.13/GOU/1965Circulation section22015-05-03623_130000000000000_GOU_19652015-05-03   Central Library, BUET  General BookCentral Library, BUET19014
2015-05-03623.13/GOU/1965Circulation section32015-05-03623_130000000000000_GOU_19652015-05-03   Central Library, BUET  General BookCentral Library, BUET16493
2015-05-03623.13/GOU/1965Circulation section42015-05-03623_130000000000000_GOU_19652015-05-03   Central Library, BUET  General BookCentral Library, BUET16492
2015-05-03623.13/GOU/1965Circulation section52015-05-03623_130000000000000_GOU_19652015-05-03   Central Library, BUET  General BookCentral Library, BUET16496
2015-05-03623.13/GOU/1965Circulation section62015-05-03623_130000000000000_GOU_19652015-05-03   Central Library, BUET  General BookCentral Library, BUET16495
2015-07-12623.13/GOU/1965Circulation section72015-07-12623_130000000000000_GOU_19652015-07-12   Central Library, BUET  General BookCentral Library, BUET26524